[Event "LLO 2017/18"]
[Site "Mecklenburg-Vorpommern"]
[Date "2018.03.18"]
[Round "7.8"]
[White "Micheel, Peter"]
[Black "Hiltner, Harald"]
[Result "1/2-1/2"]
[WhiteElo "1665"]
[BlackElo "1489"]
[PlyCount "30"]
[EventDate "2017.??.??"]
[EventType "team-tourn"]
[EventRounds "9"]
[SourceDate "2017.10.08"]
[WhiteTeam "SSC Graal-Mueritz"]
[BlackTeam "Waterkant Saal"]

1. e4 e5 2. Nf3 d6 3. d4 exd4 4. Nxd4 Nf6 5. Nc3 Bd7 6. Bd3 Be7 7. O-O O-O 8.
Bf4 Nc6 9. Nf3 Ng4 10. Bb5 Bf6 11. Qd2 Nge5 12. Nxe5 Nxe5 13. Bxd7 Nxd7 14.
Rab1 Re8 15. Rfe1 Be5 1/2-1/2

[Event "LLO 2017/18"]
[Site "Mecklenburg-Vorpommern"]
[Date "2018.04.08"]
[Round "8.3"]
[White "Wiese, Frank"]
[Black "Dettmann, Juergen"]
[Result "1/2-1/2"]
[WhiteElo "1903"]
[BlackElo "1486"]
[PlyCount "58"]
[EventDate "2017.??.??"]
[EventType "team-tourn"]
[EventRounds "9"]
[SourceDate "2017.10.08"]
[WhiteTeam "Waterkant Saal"]
[BlackTeam "SG Guestrow/Teterow II"]

1. d4 d5 2. c4 e6 3. Nc3 Nf6 4. cxd5 Nxd5 5. e4 Nxc3 6. bxc3 Be7 7. Nf3 O-O 8.
Bd3 b6 9. O-O Bb7 10. Qe2 Nd7 11. Bf4 c5 12. Rfd1 cxd4 13. cxd4 Nf6 14. Rac1
Rc8 15. Rxc8 Qxc8 16. Rc1 Qa8 17. Re1 Rd8 18. h3 Bb4 19. Rb1 Bc3 20. e5 Bxf3
21. gxf3 Nd5 22. Bg5 Rf8 23. Qe4 g6 24. Qh4 f6 25. exf6 Nxf6 26. Bxf6 Qxf3 27.
Bxg6 Rxf6 28. Bxh7+ Kf8 29. Be4 Qf4 1/2-1/2

[Event "LLO 2017/18"]
[Site "Mecklenburg-Vorpommern"]
[Date "2018.04.08"]
[Round "8.5"]
[White "Ehmann, Roland"]
[Black "Jeske, Andre"]
[Result "1-0"]
[WhiteElo "1599"]
[BlackElo "1269"]
[PlyCount "51"]
[EventDate "2017.??.??"]
[EventType "team-tourn"]
[EventRounds "9"]
[SourceDate "2017.10.08"]
[WhiteTeam "Waterkant Saal"]
[BlackTeam "SG Guestrow/Teterow II"]

1. d4 d5 2. Nf3 Nc6 3. g3 Nf6 4. Bg2 e6 5. c3 Be7 6. O-O O-O 7. Re1 h6 8. Nbd2
Re8 9. a4 a5 10. Qc2 Bd6 11. e4 dxe4 12. Nxe4 e5 13. Nxd6 cxd6 14. dxe5 dxe5
15. Be3 Qc7 16. Nh4 Ng4 17. Bc5 Ne7 18. Ba3 Ra6 19. h3 Nf6 20. Rad1 Nc6 21. Bd6
Qb6 22. Re2 Nd7 23. Nf5 Re6 24. Bxc6 Kh8 25. Bb5 Nc5 26. Bxc5 1-0

[Event "LLO 2017/18"]
[Site "Mecklenburg-Vorpommern"]
[Date "2018.04.08"]
[Round "8.6"]
[White "Kalettka, Joachim"]
[Black "Nickel, Udo"]
[Result "1/2-1/2"]
[WhiteElo "1268"]
[BlackElo "1600"]
[PlyCount "88"]
[EventDate "2017.??.??"]
[EventType "team-tourn"]
[EventRounds "9"]
[SourceDate "2017.10.08"]
[WhiteTeam "SG Guestrow/Teterow II"]
[BlackTeam "Waterkant Saal"]

1. d4 Nf6 2. c4 e6 3. Nc3 d5 4. Bg5 Bb4 5. Nf3 O-O 6. e3 h6 7. Bh4 b6 8. a3
Bxc3+ 9. bxc3 Ba6 10. Nd2 Nbd7 11. Be2 dxc4 12. Bxc4 Bxc4 13. Nxc4 Qc8 14. Bxf6
Nxf6 15. O-O Re8 16. Ne5 Nd7 17. Nxd7 Qxd7 18. Qd3 Rac8 19. a4 c5 20. Qb5 Qxb5
21. axb5 Re7 22. Rac1 Rec7 23. Ra1 Rd7 24. Rac1 f6 25. Rfd1 Kf7 26. f4 Ke7 27.
g4 cxd4 28. cxd4 Rdc7 29. Rxc7+ Rxc7 30. Ra1 Kd6 31. h4 Kd5 32. Kf2 Ke4 33. Re1
Rc3 34. f5 exf5 35. gxf5 Rc2+ 36. Re2 Rxe2+ 37. Kxe2 Kxf5 38. Kd3 g5 39. e4+
Ke6 40. hxg5 hxg5 41. Ke3 Kd6 42. Kf3 Ke7 43. Kg4 Kd6 44. Kf3 Ke6 1/2-1/2

[Event "LLO 2017/18"]
[Site "Mecklenburg-Vorpommern"]
[Date "2018.04.08"]
[Round "8.7"]
[White "Hiltner, Harald"]
[Black "Figurski, Bernhard"]
[Result "1/2-1/2"]
[WhiteElo "1489"]
[BlackElo "1189"]
[PlyCount "43"]
[EventDate "2017.??.??"]
[EventType "team-tourn"]
[EventRounds "9"]
[SourceDate "2017.10.08"]
[WhiteTeam "Waterkant Saal"]
[BlackTeam "SG Guestrow/Teterow II"]

1. e4 d6 2. Nc3 Nf6 3. Nf3 g6 4. d3 Bg7 5. Bd2 c5 6. Be2 Nc6 7. O-O O-O 8. Rb1
a6 9. h3 h5 10. Ng5 Nd4 11. f4 e6 12. Be3 Bh6 13. Nf3 e5 14. Qd2 exf4 15. Bxd4
cxd4 16. Nd1 Kg7 17. Qb4 Qc7 18. Nxd4 Qc5 19. Qc3 Qxc3 20. Nxc3 Be6 21. Bf3
Rab8 22. Nd5 1/2-1/2

[Event "LLO 2017/18"]
[Site "Mecklenburg-Vorpommern"]
[Date "2018.04.08"]
[Round "8.8"]
[White "Roessler, Hans Juergen"]
[Black "Stark, Jens"]
[Result "1-0"]
[WhiteElo "1172"]
[BlackElo "1231"]
[PlyCount "49"]
[EventDate "2017.??.??"]
[EventType "team-tourn"]
[EventRounds "9"]
[SourceDate "2017.10.08"]
[WhiteTeam "SG Guestrow/Teterow II"]
[BlackTeam "Waterkant Saal"]

1. Nf3 Nc6 2. c4 e5 3. Nc3 Nf6 4. d3 h6 5. Bd2 Be7 6. e3 O-O 7. Be2 b6 8. O-O
Bb7 9. a3 Re8 10. Qc2 Bd6 11. Nb5 a6 12. Nxd6 cxd6 13. Bc3 Qc7 14. d4 exd4 15.
Nxd4 Nxd4 16. Bxd4 Re6 17. Qb3 Ne4 18. Qxb6 Qxb6 19. Bxb6 d5 20. Ba5 dxc4 21.
Bxc4 d5 22. Ba2 Rc8 23. Rac1 Bc6 24. Bxd5 Rd6 25. Bxe4 1-0

[Event "LLO 2017/18"]
[Site "Mecklenburg-Vorpommern"]
[Date "2018.04.08"]
[Round "8.1"]
[White "Luethke, Hans Eckart"]
[Black "Lange, Jannis"]
[Result "1-0"]
[WhiteElo "2091"]
[BlackElo "1904"]
[PlyCount "83"]
[EventDate "2017.??.??"]
[EventType "team-tourn"]
[EventRounds "9"]
[SourceDate "2017.10.08"]
[WhiteTeam "SSC Graal-Mueritz"]
[BlackTeam "SV Motor Wolgast"]

1. e4 c5 2. Nf3 Nc6 3. Bb5 e6 4. O-O Nge7 5. Re1 a6 6. Bf1 d5 7. exd5 Nxd5 8.
d4 Nf6 9. Be3 Be7 10. Nc3 cxd4 11. Nxd4 Bd7 12. Nb3 Nb4 13. a3 Nbd5 14. Bd4 O-O
15. Nxd5 Nxd5 16. c4 Nf6 17. Qd3 Bc6 18. Rad1 a5 19. Qh3 Qc8 20. Bb6 Ba4 21.
Rd2 Qc6 22. c5 Bxb3 23. Qxb3 Bxc5 24. Bxc5 Qxc5 25. Qxb7 Nd5 26. Qb3 Rab8 27.
Qa4 Rfc8 28. g3 Nb6 29. Qh4 h6 30. Red1 Nd5 31. Bg2 Qe7 32. Qa4 Nb6 33. Qf4 e5
34. Qg4 Rc4 35. Qf5 g6 36. Qf3 Rbc8 37. Qe3 R4c5 38. Qxh6 Rc2 39. Qe3 Rxd2 40.
Qxd2 Nc4 41. Qe2 Rc7 42. Rc1 1-0

[Event "LLO 2017/18"]
[Site "Mecklenburg-Vorpommern"]
[Date "2018.04.08"]
[Round "8.2"]
[White "Krasov, Oleksi"]
[Black "Van Bentum, Horst"]
[Result "1-0"]
[WhiteElo "1897"]
[BlackElo "1915"]
[PlyCount "69"]
[EventDate "2017.??.??"]
[EventType "team-tourn"]
[EventRounds "9"]
[SourceDate "2017.10.08"]
[WhiteTeam "SV Motor Wolgast"]
[BlackTeam "SSC Graal-Mueritz"]

1. e4 e5 2. Nf3 Nc6 3. Bb5 a6 4. Ba4 Nf6 5. Qe2 Be7 6. d3 d6 7. c3 O-O 8. O-O
b5 9. Bc2 Bg4 10. h3 Bh5 11. Nbd2 d5 12. Rd1 d4 13. Nf1 Re8 14. Ng3 Bg6 15. a4
b4 16. a5 Qd6 17. Ba4 dxc3 18. bxc3 Reb8 19. Bxc6 Qxc6 20. Nxe5 Qxc3 21. Bb2
Qc5 22. Rac1 Qb5 23. Nc6 Re8 24. Qc2 Bf8 25. f4 h6 26. Bxf6 gxf6 27. f5 Bh7 28.
Nh5 Bg7 29. Qf2 Kh8 30. Qg3 Rg8 31. Qxc7 Rac8 32. Qb6 Bf8 33. Qxb5 axb5 34.
Nxf6 Rg7 35. a6 1-0

[Event "LLO 2017/18"]
[Site "Mecklenburg-Vorpommern"]
[Date "2018.04.08"]
[Round "8.3"]
[White "Simcaks, Sergejs"]
[Black "Reinke, Thomas"]
[Result "0-1"]
[WhiteElo "1832"]
[BlackElo "1919"]
[PlyCount "96"]
[EventDate "2017.??.??"]
[EventType "team-tourn"]
[EventRounds "9"]
[SourceDate "2017.10.08"]
[WhiteTeam "SSC Graal-Mueritz"]
[BlackTeam "SV Motor Wolgast"]

1. e4 e6 2. d4 d5 3. Nc3 dxe4 4. Nxe4 Nd7 5. Be2 Be7 6. Bf3 Ngf6 7. Nxf6+ Nxf6
8. Ne2 O-O 9. O-O c6 10. c4 Qc7 11. Be3 e5 12. dxe5 Qxe5 13. Qd4 Qxd4 14. Bxd4
Be6 15. b3 Rfd8 16. h3 Bf5 17. Rad1 Ne4 18. Bxe4 Bxe4 19. f3 Bg6 20. f4 f6 21.
f5 Bf7 22. Nf4 Rxd4 23. Rxd4 Bc5 24. Rfd1 Rd8 25. Ne2 Bxd4+ 26. Rxd4 Rxd4 27.
Nxd4 Kf8 28. Kf2 Ke7 29. Ke3 Kd6 30. g4 a6 31. Kf4 c5 32. Ne2 Be8 33. h4 h6 34.
Nc3 Bc6 35. g5 hxg5+ 36. hxg5 fxg5+ 37. Kxg5 Ke5 38. Kg6 Be8+ 39. Kxg7 Kxf5 40.
Nd5 Ke5 41. Kf8 Bc6 42. Nc3 Kd4 43. Nd1 b5 44. cxb5 axb5 45. Ke7 c4 46. a4 bxa4
47. bxa4 Bxa4 48. Nb2 c3 0-1

[Event "LLO 2017/18"]
[Site "Mecklenburg-Vorpommern"]
[Date "2018.04.08"]
[Round "8.4"]
[White "Haenjes, Frank"]
[Black "Schumann, Lutz"]
[Result "0-1"]
[WhiteElo "1887"]
[BlackElo "1748"]
[PlyCount "95"]
[EventDate "2017.??.??"]
[EventType "team-tourn"]
[EventRounds "9"]
[SourceDate "2017.10.08"]
[WhiteTeam "SV Motor Wolgast"]
[BlackTeam "SSC Graal-Mueritz"]

1. Nf3 Nf6 2. c4 d6 3. d4 g6 4. Nc3 Bg7 5. g3 O-O 6. Bg2 c6 7. O-O Na6 8. Re1
Bg4 9. h3 Be6 10. b3 Nc7 11. Bb2 Rb8 12. a4 d5 13. Ng5 Bf5 14. g4 Bc8 15. Qd3
h6 16. Nf3 Ne6 17. e3 Kh7 18. Ne5 dxc4 19. Qxc4 Nd7 20. f4 Nb6 21. Qe2 Nc7 22.
Rad1 Nbd5 23. Rf1 Be6 24. Ne4 f6 25. Nxg6 Kxg6 26. f5+ Kh7 27. fxe6 Nxe6 28.
Ng3 Qc7 29. Nh5 Rg8 30. Qc2+ Kh8 31. Bxd5 cxd5 32. Qf5 Ng5 33. Nf4 Nxh3+ 34.
Kg2 Nxf4+ 35. exf4 e6 36. Qd3 Bf8 37. Kf3 Bd6 38. Bc1 Qg7 39. Rg1 e5 40. dxe5
fxe5 41. Qxd5 Rbd8 42. Rd2 Bc7 43. Qxb7 Rxd2 44. Bxd2 exf4 45. Qc6 Be5 46. Ke4
Rd8 47. Qe6 Rd4+ 48. Kf5 0-1

[Event "LLO 2017/18"]
[Site "Mecklenburg-Vorpommern"]
[Date "2018.04.08"]
[Round "8.5"]
[White "Perlick, Eberhard"]
[Black "Riebort, Frank"]
[Result "1-0"]
[WhiteElo "1858"]
[BlackElo "1883"]
[PlyCount "57"]
[EventDate "2017.??.??"]
[EventType "team-tourn"]
[EventRounds "9"]
[SourceDate "2017.10.08"]
[WhiteTeam "SSC Graal-Mueritz"]
[BlackTeam "SV Motor Wolgast"]

1. d4 Nf6 2. Nc3 d5 3. Bg5 Bf5 4. f3 Nbd7 5. e3 e6 6. Bd3 Bxd3 7. cxd3 h6 8.
Bh4 Be7 9. f4 O-O 10. Nf3 c5 11. dxc5 Nxc5 12. Bxf6 Bxf6 13. d4 Nd7 14. O-O Rc8
15. Qd3 Qb6 16. Rf2 Rc6 17. Rc1 Rfc8 18. Rfc2 Qa5 19. Ne5 Nxe5 20. fxe5 Be7 21.
a3 b5 22. Nxd5 $4 exd5 $4 (22... Rxc2 23. Nxe7+ Kf8 24. Ng6+ fxg6 25. Rf1+ Kg8
$19) 23. Rxc6 Rxc6 24. Rxc6 Qe1+ 25. Qf1 Qxe3+ 26. Qf2 Qd3 27. Rc8+ Kh7 28. Qc2
Qxc2 29. Rxc2 1-0

[Event "LLO 2017/18"]
[Site "Mecklenburg-Vorpommern"]
[Date "2018.04.08"]
[Round "8.6"]
[White "Klotzsche, Stefan"]
[Black "Micheel, Peter"]
[Result "1/2-1/2"]
[WhiteElo "1751"]
[BlackElo "1665"]
[PlyCount "44"]
[EventDate "2017.??.??"]
[EventType "team-tourn"]
[EventRounds "9"]
[SourceDate "2017.10.08"]
[WhiteTeam "SV Motor Wolgast"]
[BlackTeam "SSC Graal-Mueritz"]

1. Nf3 Nf6 2. g3 g6 3. Bg2 Bg7 4. O-O O-O 5. d3 d5 6. Nbd2 Nbd7 7. e4 dxe4 8.
dxe4 e5 9. Qe2 Qe7 10. a4 a5 11. b3 Re8 12. Ba3 Qe6 13. Rfd1 b6 14. h3 Ba6 15.
c4 Qc6 16. Ra2 Rad8 17. Ne1 Nc5 18. Bxc5 Qxc5 19. Nd3 Qd4 20. Bf1 Nh5 21. Kh2
Bb7 22. Re1 Nf6 1/2-1/2

[Event "LLO 2017/18"]
[Site "Mecklenburg-Vorpommern"]
[Date "2018.04.08"]
[Round "8.7"]
[White "Rath, Wolfgang"]
[Black "Rosin, Ralf"]
[Result "0-1"]
[WhiteElo "1659"]
[BlackElo "1722"]
[PlyCount "74"]
[EventDate "2017.??.??"]
[EventType "team-tourn"]
[EventRounds "9"]
[SourceDate "2017.10.08"]
[WhiteTeam "SSC Graal-Mueritz"]
[BlackTeam "SV Motor Wolgast"]

1. e4 e6 2. d4 d5 3. exd5 exd5 4. Bd3 Bd6 5. Nf3 Nf6 6. Bg5 O-O 7. O-O Bg4 8.
Nbd2 Nbd7 9. c3 c6 10. Qc2 Qc7 11. g3 h6 12. Bxf6 Nxf6 13. Rfe1 Rfe8 14. Kg2
Qd7 15. Ng1 c5 16. h3 Be6 17. Ndf3 c4 18. Bf1 Bf5 19. Qc1 Qc7 20. g4 Be4 21.
Kh1 Re7 22. Bg2 Rae8 23. Re2 Bf4 24. Qd1 Bd3 25. Rxe7 Rxe7 26. Nd2 Qd7 27. b4
Qc8 28. Bf3 Ne4 29. Nxe4 dxe4 30. Be2 Qc6 31. Kg2 Qd5 32. Qe1 Qg5 33. a4 Bd2
34. Qd1 Bxc3 35. Ra2 Bxd4 36. Qd2 Qxd2 37. Rxd2 Bc3 0-1

[Event "LLO 2017/18"]
[Site "Mecklenburg-Vorpommern"]
[Date "2018.04.08"]
[Round "8.8"]
[White "Patzenhauer, Max"]
[Black "Jansen, Andreas"]
[Result "0-1"]
[WhiteElo "1900"]
[BlackElo "2049"]
[PlyCount "105"]
[EventDate "2017.??.??"]
[EventType "team-tourn"]
[EventRounds "9"]
[SourceDate "2017.10.08"]
[WhiteTeam "SV Motor Wolgast"]
[BlackTeam "SSC Graal-Mueritz"]

1. d4 g6 2. e4 d6 3. Bc4 Bg7 4. Nf3 Nf6 5. Nc3 c6 6. O-O Qc7 7. Bf4 Nh5 8. Be3
O-O 9. Qd2 Nd7 10. Bh6 e5 11. Bxg7 Kxg7 12. Ne2 Nb6 13. Bb3 Bg4 14. Qc3 Rae8
15. dxe5 dxe5 16. h3 Bc8 17. Rad1 Nd7 18. Nd2 f6 19. Nc4 Rd8 20. Ne3 Nf4 21.
Nxf4 exf4 22. Ng4 Ne5 23. f3 Bxg4 24. fxg4 g5 25. Qc5 b6 26. Qc3 Rd6 27. Rd2
Rxd2 28. Qxd2 Rd8 29. Qe2 Qd6 30. c3 Qd3 31. Qxd3 Rxd3 32. Rd1 c5 33. Bc2 Rxd1+
34. Bxd1 Kf8 35. Be2 c4 36. Kf2 Ke7 37. b3 b5 38. g3 Kd6 39. gxf4 gxf4 40. bxc4
bxc4 41. Bd1 h6 42. a3 Nd3+ 43. Kf3 Ke5 44. Ba4 Nc1 45. Bb5 Na2 46. Bxc4 Nxc3
47. Bd5 a5 48. Bc6 Nb1 49. a4 Nd2+ 50. Ke2 Nxe4 51. Kf3 Ng5+ 52. Kg2 Nf7 53.
Bf3 0-1

[Event "LLO 2017/18"]
[Site "Mecklenburg-Vorpommern"]
[Date "2018.04.08"]
[Round "8.1"]
[White "Alder, Bodo"]
[Black "Schulz, Daniel"]
[Result "0-1"]
[WhiteElo "1845"]
[BlackElo "1764"]
[PlyCount "65"]
[EventDate "2017.??.??"]
[EventType "team-tourn"]
[EventRounds "9"]
[SourceDate "2017.10.08"]
[WhiteTeam "Seehotel Binz"]
[BlackTeam "SG Neubrandenburg II"]

1. e4 d5 2. Nc3 d4 3. Nce2 e5 4. d3 Nc6 5. Nf3 h6 6. a3 Bd6 7. h3 Nge7 8. c4 a5
9. b3 O-O 10. g4 Ng6 11. Ng3 Rb8 12. Qc2 Qe8 13. Nf5 Nd8 14. Nxd6 cxd6 15. b4
axb4 16. axb4 Ne6 17. b5 Qe7 18. Bg2 Nef4 19. O-O Qf6 20. Bxf4 Nxf4 21. Qd1 g5
22. Nh2 Kg7 23. Qf3 Rh8 24. Rfc1 h5 25. Ra3 hxg4 26. Nxg4 Bxg4 27. Qxg4 Rh4 28.
Qd1 Rbh8 29. Qf1 Nxh3+ 30. Bxh3 Rxh3 31. Qg2 Rh2 32. Qxh2 Rxh2 33. Kxh2 0-1

[Event "LLO 2017/18"]
[Site "Mecklenburg-Vorpommern"]
[Date "2018.04.08"]
[Round "8.2"]
[White "Hoerhold, Martin"]
[Black "Ertel, Wolfhard"]
[Result "0-1"]
[WhiteElo "1732"]
[BlackElo "1838"]
[PlyCount "44"]
[EventDate "2017.??.??"]
[EventType "team-tourn"]
[EventRounds "9"]
[SourceDate "2017.10.08"]
[WhiteTeam "SG Neubrandenburg II"]
[BlackTeam "Seehotel Binz"]

1. e4 e5 2. Nf3 Nc6 3. Bb5 Nf6 4. O-O Be7 5. c3 O-O 6. Re1 d6 7. h3 Ne8 8. d4
f6 9. Bc4+ Kh8 10. Nh4 g6 11. Qd2 g5 12. Nf5 Bxf5 13. exf5 d5 14. Bb5 e4 15. f3
Nd6 16. Bxc6 bxc6 17. fxe4 Nxe4 18. Qe2 Bd6 19. Nd2 Ng3 20. Qf3 Re8 21. Re6 Qd7
22. Rxd6 Qxd6 0-1

[Event "LLO 2017/18"]
[Site "Mecklenburg-Vorpommern"]
[Date "2018.04.08"]
[Round "8.3"]
[White "Fechner, Henrik"]
[Black "Dupke, Andreas"]
[Result "0-1"]
[WhiteElo "1759"]
[BlackElo "1741"]
[PlyCount "42"]
[EventDate "2017.??.??"]
[EventType "team-tourn"]
[EventRounds "9"]
[SourceDate "2017.10.08"]
[WhiteTeam "Seehotel Binz"]
[BlackTeam "SG Neubrandenburg II"]

1. d4 Nf6 2. c4 g6 3. Nc3 Bg7 4. e4 d6 5. f3 O-O 6. Be3 Nbd7 7. Qd2 c5 8. d5 a6
9. h4 h5 10. Nh3 Ne5 11. Be2 Bd7 12. a4 Qa5 13. Kf2 Qb4 14. b3 Neg4+ 15. fxg4
Qxc3 16. Ng5 Qxd2 17. Bxd2 Nxg4+ 18. Bxg4 Bxg4 19. Rab1 b5 20. Rbf1 a5 21. Kg1
Be5 0-1

[Event "LLO 2017/18"]
[Site "Mecklenburg-Vorpommern"]
[Date "2018.04.08"]
[Round "8.4"]
[White "Buenz, Heinrich"]
[Black "Horch, Helmut"]
[Result "0-1"]
[WhiteElo "1671"]
[BlackElo "1733"]
[PlyCount "47"]
[EventDate "2017.??.??"]
[EventType "team-tourn"]
[EventRounds "9"]
[SourceDate "2017.10.08"]
[WhiteTeam "SG Neubrandenburg II"]
[BlackTeam "Seehotel Binz"]

1. Nf3 e6 2. g3 d5 3. Bg2 Nf6 4. O-O Be7 5. d3 O-O 6. b3 c5 7. c3 Nc6 8. Qc2
Qc7 9. Bb2 b6 10. Nbd2 Bb7 11. Rac1 Rfd8 12. e4 dxe4 13. dxe4 Ne5 14. Nxe5 Qxe5
15. c4 Qh5 16. h3 Rd7 17. g4 Qh6 18. Rcd1 Qf4 19. Rfe1 Rad8 20. Re3 h6 21. Bc1
Nh7 22. Rde1 Bf6 23. e5 Bxg2 24. Kxg2 0-1

[Event "LLO 2017/18"]
[Site "Mecklenburg-Vorpommern"]
[Date "2018.04.08"]
[Round "8.5"]
[White "Oergel, Ullrich"]
[Black "Sommer, Hans Hermann"]
[Result "1/2-1/2"]
[WhiteElo "1733"]
[BlackElo "1713"]
[PlyCount "32"]
[EventDate "2017.??.??"]
[EventType "team-tourn"]
[EventRounds "9"]
[SourceDate "2017.10.08"]
[WhiteTeam "Seehotel Binz"]
[BlackTeam "SG Neubrandenburg II"]

1. c4 f5 2. Nc3 Nf6 3. g3 e6 4. Bg2 Nc6 5. d4 Bb4 6. e3 O-O 7. Nge2 d5 8. cxd5
Nxd5 9. O-O Bxc3 10. bxc3 Re8 11. c4 Nf6 12. Rb1 Ne4 13. Rb3 Na5 14. d5 Nc5 15.
Rd3 b6 16. dxe6 Bb7 1/2-1/2

[Event "LLO 2017/18"]
[Site "Mecklenburg-Vorpommern"]
[Date "2018.04.08"]
[Round "8.6"]
[White "Lange, Ingo"]
[Black "Koesterke, Klaus"]
[Result "1-0"]
[WhiteElo "1726"]
[BlackElo "1488"]
[PlyCount "115"]
[EventDate "2017.??.??"]
[EventType "team-tourn"]
[EventRounds "9"]
[SourceDate "2017.10.08"]
[WhiteTeam "SG Neubrandenburg II"]
[BlackTeam "Seehotel Binz"]

1. d4 e6 2. Nf3 d5 3. Bf4 Nc6 4. e3 a6 5. c3 g6 6. Bd3 Bg7 7. Nbd2 Bd7 8. Qc2
Nge7 9. h4 b5 10. a3 Qc8 11. b4 Qb7 12. Nb3 Qc8 13. Nc5 h6 14. a4 Na7 15. axb5
Bxb5 16. Ne5 Bxd3 17. Qxd3 Nac6 18. Nxc6 Nxc6 19. Ke2 O-O 20. Ra3 e5 21. dxe5
Qg4+ 22. Kf1 Nxe5 23. Bxe5 Bxe5 24. Qe2 Qxe2+ 25. Kxe2 a5 26. Rha1 Bd6 27. Rxa5
Rxa5 28. Rxa5 Re8 29. Nd7 Kg7 30. Rxd5 Re7 31. Nc5 Be5 32. Kd3 c6 33. Rd7 Re8
34. g3 Ra8 35. f4 Bf6 36. Rd6 Ra3 37. Ne4 Be7 38. Rxc6 Bxb4 39. Kd4 Bf8 40. c4
Ra7 41. Nd6 Rd7 42. c5 Be7 43. e4 g5 44. hxg5 hxg5 45. Ke5 gxf4 46. gxf4 Bf6+
47. Kf5 Bd8 48. Ne8+ Kf8 49. Nf6 Rc7 50. Rxc7 Bxc7 51. Nd5 Bd8 52. c6 Ke8 53.
c7 Bxc7 54. Nxc7+ Ke7 55. e5 Kd7 56. Kf6 Kxc7 57. Kxf7 Kd7 58. e6+ 1-0

[Event "LLO 2017/18"]
[Site "Mecklenburg-Vorpommern"]
[Date "2018.04.08"]
[Round "8.7"]
[White "Ritter, Wolfgang"]
[Black "Zabka, Helge"]
[Result "1-0"]
[WhiteElo "1383"]
[BlackElo "1662"]
[PlyCount "46"]
[EventDate "2017.??.??"]
[EventType "team-tourn"]
[EventRounds "9"]
[SourceDate "2017.10.08"]
[WhiteTeam "Seehotel Binz"]
[BlackTeam "SG Neubrandenburg II"]

1. c4 Nf6 2. b3 c6 3. g3 d5 4. cxd5 Nxd5 5. Nf3 Bf5 6. d3 Bg6 7. e4 Nf6 8. Bg2
Nbd7 9. O-O e5 10. Bg5 Be7 11. Re1 O-O 12. Qc2 h6 13. Bxf6 Bxf6 14. Nc3 Nc5 15.
Na4 Ne6 16. Nc5 Qe7 17. Nxe6 Qxe6 18. Qc4 Qxc4 19. dxc4 Rfd8 20. Re2 Bh5 21.
Rae1 Bg4 22. h3 Bxf3 23. Bxf3 Rd4 1-0

[Event "LLO 2017/18"]
[Site "Mecklenburg-Vorpommern"]
[Date "2018.04.08"]
[Round "8.8"]
[White "Schulz, Ronald"]
[Black "Mueller, Wilfried"]
[Result "1-0"]
[WhiteElo "1580"]
[BlackElo "1369"]
[PlyCount "37"]
[EventDate "2017.??.??"]
[EventType "team-tourn"]
[EventRounds "9"]
[SourceDate "2017.10.08"]
[WhiteTeam "SG Neubrandenburg II"]
[BlackTeam "Seehotel Binz"]

1. e4 e5 2. Nc3 Nf6 3. f4 d6 4. Nf3 Bg4 5. h3 Bxf3 6. Qxf3 Nc6 7. Bb5 a6 8.
Bxc6+ bxc6 9. d3 Be7 10. fxe5 dxe5 11. Be3 Bb4 12. O-O h6 13. Ne2 Qe7 14. Ng3
Nd7 15. Nf5 Qf8 16. Qg3 Rh7 17. Nh4 Qe7 18. Rf3 f6 19. Qg6+ 1-0

[Event "LLO 2017/18"]
[Site "Mecklenburg-Vorpommern"]
[Date "2018.04.08"]
[Round "8.1"]
[White "Hochgraefe, Hans Juergen"]
[Black "Kohn, Thomas"]
[Result "1/2-1/2"]
[WhiteElo "1759"]
[BlackElo "1841"]
[PlyCount "27"]
[EventDate "2017.??.??"]
[EventType "team-tourn"]
[EventRounds "9"]
[SourceDate "2017.10.08"]
[WhiteTeam "SSC Rostock II"]
[BlackTeam "FHSG Stralsund II"]

1. d4 Nf6 2. Nf3 g6 3. Bf4 Bg7 4. c3 O-O 5. h3 d6 6. e3 Nbd7 7. Nbd2 c5 8. Be2
a6 9. a4 Qc7 10. O-O b6 11. Rc1 Bb7 12. b4 Nh5 13. Bh2 Rad8 14. Qb3 1/2-1/2

[Event "LLO 2017/18"]
[Site "Mecklenburg-Vorpommern"]
[Date "2018.04.08"]
[Round "8.2"]
[White "Klepin, Wilfried"]
[Black "Wurst, Maximilian"]
[Result "1/2-1/2"]
[WhiteElo "1818"]
[BlackElo "1680"]
[PlyCount "138"]
[EventDate "2017.??.??"]
[EventType "team-tourn"]
[EventRounds "9"]
[SourceDate "2017.10.08"]
[WhiteTeam "FHSG Stralsund II"]
[BlackTeam "SSC Rostock II"]

1. d4 Nf6 2. f4 e6 3. Nf3 b6 4. e3 Bb7 5. Bd3 d5 6. O-O c5 7. c3 Nc6 8. Ne5 c4
9. Bc2 Nd7 10. Nd2 g6 11. e4 Ncxe5 12. fxe5 Bg7 13. Qg4 Qe7 14. Nf3 dxe4 15.
Ng5 f5 16. exf6 Nxf6 17. Ba4+ Kf8 18. Qxe6 Qxe6 19. Nxe6+ Kf7 20. Nxg7 Kxg7 21.
Bh6+ Kxh6 22. Rxf6 Rhf8 23. Raf1 Kg7 24. Rxf8 Rxf8 25. Rxf8 Kxf8 {(=)} 26. g3
Kf7 27. Kf2 Kf6 28. Ke3 g5 29. b3 Bd5 30. bxc4 Bxc4 31. Bb3 Bd3 32. Bg8 h6 33.
a3 a5 34. Bh7 Bb5 35. Bxe4 Ke6 36. Bd3 Bd7 37. c4 Be8 38. Bh7 Ba4 39. Kd3 Kd6
40. Be4 Bd1 41. Kc3 Bg4 42. Bc2 Bf3 43. Kd2 Bh5 44. Ke3 Bf7 45. Bd3 Be8 46. h4
Bh5 47. Be2 Be8 48. Kf3 Bh5+ 49. g4 Bg6 50. hxg5 hxg5 51. Ke3 Be8 52. Bd3 Bd7
53. Bf5 Ba4 54. Be4 Bb3 55. Bd3 Ba4 56. Be2 Bc2 57. Bf3 Bb3 58. Kd3 Ba4 59. Be4
Bd7 60. Bf5 Ba4 61. Bg6 Bd7 62. Bh5 Ba4 63. Ke4 Bc2+ 64. Ke3 Bb3 65. Kd3 Ba4
66. Bg6 Bb3 67. Be4 Ba4 68. Bf5 Bb3 69. Kc3 Ba4 1/2-1/2

[Event "LLO 2017/18"]
[Site "Mecklenburg-Vorpommern"]
[Date "2018.04.08"]
[Round "8.3"]
[White "Worm, Alfred"]
[Black "Rickmann, Niklas"]
[Result "0-1"]
[WhiteElo "1618"]
[BlackElo "1716"]
[PlyCount "98"]
[EventDate "2017.??.??"]
[EventType "team-tourn"]
[EventRounds "9"]
[SourceDate "2017.10.08"]
[WhiteTeam "SSC Rostock II"]
[BlackTeam "FHSG Stralsund II"]

1. e4 e6 2. d4 d5 3. Nc3 Nf6 4. Bg5 Be7 5. e5 Nfd7 6. Bxe7 Qxe7 7. Qg4 f5 8.
Qh3 a6 9. Be2 O-O 10. f4 c5 11. Nf3 Nc6 12. O-O-O b5 13. dxc5 Nxc5 14. Nd4 Nxd4
15. Rxd4 b4 16. Nd1 Ne4 17. g4 Bb7 18. gxf5 exf5 19. Rg1 Rac8 20. Ne3 Qc5 21.
Qg2 Rc7 22. Rgd1 Nc3 23. R1d2 Nxa2+ 24. Kd1 b3 25. c4 dxc4 26. Bxc4+ Kh8 27.
Qe2 Qc6 28. Nd5 Rcc8 29. Qd3 Qg6 30. Ke1 Qg1+ 31. Qf1 Qg4 32. Qg2 Qxg2 33. Rxg2
Rxc4 34. Rxc4 Bxd5 35. Rxg7 Kxg7 36. Rc5 Nb4 37. Rc7+ Rf7 38. Rc3 Rd7 39. Rg3+
Kf8 40. Rc3 Nc2+ 41. Kf1 Kf7 42. Rc8 Ne3+ 43. Ke2 Nc4 44. Rh8 Kg7 45. Re8 Nxb2
46. e6 Bc4+ 47. Ke1 Rd1+ 48. Kf2 Rf1+ 49. Kg3 Nd1 0-1